000 00644nam a22002057a 4500
003 0
005 20250909155615.0
008 250909b xxu||||| |||| 00| 0 eng d
020 _a978-1-266-09847-5
050 _aQH 308.2
_b.M33 2024
100 _aMader, Sylvia S.,
_eauthor.
245 _aEssentials of biology /
_cSylvia S. Mader and Michael Windelspecht.
250 _aSeventh edition.
260 _aNew York, NY :
_bMcGraw Hill LLC,
_c2024.
300 _axviii, various pagination :
_bcolored illustrations ;
_c28 cm.
504 _aIncludes index.
650 _aBiology.
700 _aWindelspecht, Michael,
_eauthor.
942 _2lcc
_cBK
999 _c367850
_d367850